00680nam a2200217Ia 450000500170000000800410001704000190005804100120007708200130008910000260010224500500012825000160017826000400019430000130023450400400024765000280028785000100031594200070032599900170033295201130034920231123095959.0131103s9999 xx 000 0 und d aLoreto College aEnglish a327bMAL aMalhotra, Vinay Kumar aInternational relationscVinay Kumar Malhotra a3rd rev.ed. aNew DelhibAnmol Publicationsc2004 axv,598p  aIncludes bibliographical references aInternational relations aLCLIB cBK c36282d86761 00102ddc4070aMAINbMAINd2013-11-04l15o327 MAL 43870pB39270r2018-02-21s2018-02-21w2013-11-04yBKf